Billing and Inventory (Record no. 97233)
[ view plain ]
| 000 -LEADER | |
|---|---|
| fixed length control field | 00341nam a2200133Ia 4500 |
| 008 - FIXED-LENGTH DATA ELEMENTS--GENERAL INFORMATION | |
| fixed length control field | 230128s9999 xx 000 0 und d |
| 041 ## - LANGUAGE CODE | |
| Language code of text/sound track or separate title | eng |
| 082 ## - DEWEY DECIMAL CLASSIFICATION NUMBER | |
| Classification number | SHI PR0238 |
| Item number | SHI |
| 100 ## - MAIN ENTRY--PERSONAL NAME | |
| Personal name | Shingrut S S (2K4226) |
| 9 (RLIN) | 118935 |
| 245 ## - TITLE STATEMENT | |
| Title | Billing and Inventory |
| 260 ## - PUBLICATION, DISTRIBUTION, ETC. (IMPRINT) | |
| Date of publication, distribution, etc. | 2006 |
| Name of publisher, distributor, etc. | Pune University |
| Place of publication, distribution, etc. | Pune |
| 502 ## - DISSERTATION NOTE | |
| Name of granting institution | Ramdasi M |
No items available.